ALL US Cities with Professional Sports Teams - Statistics

General Stats
  • This quiz has been taken 13,065 times
    1,337 since last reset
  • The average score is 36 of 46
Answer Stats
# of teams City % Correct
10 New York City
99%
9 Los Angeles
98%
5 Dallas
94%
5 Miami
94%
5 Boston
93%
6 Chicago
93%
4 Houston
93%
4 Seattle
92%
3 San Francisco
90%
5 Denver
87%
5 Philadelphia
87%
4 Atlanta
86%
4 Detroit
86%
3 Tampa
86%
3 Cleveland
83%
3 Phoenix
83%
3 Pittsburgh
82%
5 Washington
82%
3 Kansas City
81%
2 Las Vegas
81%
5 Minneapolis
81%
2 Portland
81%
3 Charlotte
80%
1 Jacksonville
80%
1 San Antonio
79%
2 San Diego
79%
2 Indianapolis
78%
2 New Orleans
78%
3 Nashville
77%
2 Orlando
76%
2 Baltimore
74%
2 Milwaukee
74%
3 Cincinnati
73%
1 Oklahoma City
73%
3 Salt Lake City
72%
1 Memphis
71%
3 St. Louis
71%
2 Buffalo
70%
1 Sacramento
69%
1 Green Bay
68%
2 Columbus
64%
2 San Jose
60%
1 Austin
56%
1 Raleigh
55%
1 Anaheim
38%
1 Newark
33%
No matching quizzes found
Score Distribution
Percent of People with Each Score
Percentile by Number Answered
Your Score History
You have not taken this quiz since the last reset